Random Geography Trivia Quiz Stats

 Plays Quiz not verified by Sporcle

Challenge
Share
Tweet
Embed
Score 0/12 Timer 05:00
0 Plays Today
Clue Country % Correct
This country's current president is Barack ObamaUnited States of America
98.3%
This country borders Portugal, Andorra, France and MoroccoSpain
96.1%
This country's northernmost points include Cape Columbia, Ellesmere Island, Nunavut and this is the northernmost country in the worldCanada
88.2%
This country, made up of 17,508 islands has the 4th highest world populationIndonesia
82.8%
This country's current king is Abdullah bin Abdul AzizSaudi Arabia
68.1%
Lemurs are a native species mainly to this countryMadagascar
54.7%
This country has the lowest population densityMongolia
51%
This country's flag is the only one with a single, solid color (green)Libya
47.5%
This country's flag features a red background with a black two headed eagle on itAlbania
38.2%
This country's capital is MalaboEquatorial Guinea
19.9%
This country requires every citizen to have or have access to a bomb shelterSwitzerland
13.6%
This country gained independence from Great Britain January 1, 1984Brunei
3.8%

You're not logged in!

Compare scores with friends on all Sporcle quizzes.
OR
Log In

You Might Also Like...

Show Comments

Extras

Created Aug 18, 2010ReportNominate
Tags:Country Quiz

Top Quizzes Today


Score Distribution

Your Account Isn't Verified!

In order to create a playlist on Sporcle, you need to verify the email address you used during registration. Go to your Sporcle Settings to finish the process.

Report this User

Report this user for behavior that violates our Community Guidelines.

Details: